[Event "CZE-chT2D 1112"]
[Site "Czech Republic"]
[Date "2011.11.20"]
[Round "3"]
[White "Schwarz, Milan"]
[Black "Musil, Jiri"]
[Result "1-0"]
[WhiteElo "2085"]
[BlackElo "1976"]
[PlyCount "57"]
[EventDate "2011.10.09"]
[EventType "team-tourn"]
[EventRounds "11"]
[EventCountry "CZE"]
[SourceTitle "EXT 2013"]
[Source "ChessBase"]
[SourceDate "2012.11.22"]
[SourceVersion "1"]
[SourceVersionDate "2012.11.22"]
[SourceQuality "1"]
[WhiteTeam "Brno Duras II"]
[BlackTeam "Brno Lokomotiva"]
[WhiteTeamCountry "CZE"]
[BlackTeamCountry "CZE"]

1. c4 Nf6 2. g3 e6 3. Nf3 b6 4. Bg2 Bb7 5. 0-0 d5 6. cxd5 Bxd5 7. Nc3 Bb7 8. d4 Be7 9. Ne5 Bxg2 10. Kxg2 0-0 11. Qa4 Nfd7 12. Rd1 Nxe5 13. dxe5 Qc8 14. Qg4 Rd8 15. Bh6 Bf8 16. Rxd8 Qxd8 17. Rd1 Qe8 18. Ne4 Kh8 19. f3 Nc6 20. Qf4 Be7 21. Bg5 Rd8 22. Rc1 Bxg5 23. Nxg5 Kg8 24. Qe4 h6 25. Qh7+ Kf8 26. Ne4 Nxe5 27. Qh8+ Ke7 28. Qxg7 Nc6 29. Qxh6 1-0